000 00630nam a2200193 4500
999 _c12056
_d12056
008 210119b ||||| |||| 00| 0 eng d
020 _a0-333-62074-7
082 0 0 _a320.05
_bH9451
100 _91257
_aHunter, Brian
245 1 0 _aThe Statesman's year book : statistical and historical annual of the states of the world for the year 1995-1996 /
_cedited by Brian Hunter
250 _a132nd ed.
260 _aLondon:
_bMcMillan press ltd,
_c1995.
300 _aLiii,1699 p.
650 0 _aWorld politics
650 0 _aInternational relations
650 0 _aYear Book
700 _91257
_aHunter, Brian
_eeditor
942 _2ddc
_cBK